[Event "Najdorf Mem Open A 2016"]
[Site "Warsaw POL"]
[Date "2016.07.14"]
[Round "7.3"]
[White "Piorun, Kacper"]
[Black "Socko, Bartosz"]
[Result "1/2-1/2"]
[WhiteTitle "GM"]
[BlackTitle "GM"]
[WhiteElo "2685"]
[BlackElo "2599"]
[WhiteFideId "1130420"]
[BlackFideId "1107038"]
[EventDate "2016.07.08"]

1. e4 c5 2. Nf3 d6 3. d4 cxd4 4. Nxd4 Nf6 5. f3 e5 6. Nb3 Be7 7. c4 O-O 8. Be3
a5 9. Nc3 a4 10. Nc1 Qa5 11. Qd2 Be6 12. b4 Qd8 13. Bd3 Nfd7 14. Nd5 h6 15.
Nxe7+ Qxe7 16. Ne2 Rc8 17. Rc1 a3 18. O-O Nc6 19. Rc2 Qd8 20. Rb1 Nb6 21. Qc1
Ra4 22. Bd2 Rc7 23. Rb3 Rc8 24. Rb1 Rc7 25. Qe1 Qc8 26. Qf2 Nd4 27. Nxd4 exd4
28. Rbc1 Nxc4 29. f4 f6 30. f5 Bf7 31. Qg3 b5 32. Bxh6 Qf8 33. Rf2 Raa7 34. Bxc4
Rxc4 35. Rf3 Bh5 36. Rd3 Rxc1+ 37. Bxc1 Qc8 38. Qe1 Qc2 39. Rxa3 Rxa3 40. Bxa3
Be2 41. Bc1 Qxe4 42. Bd2 d3 43. Qf2 Qd5 44. h3 Qxa2 45. Qf4 Qd5 46. Bc3 Bh5 47.
Kf2 Be8 48. Qf3 Qc4 49. Qe3 Bd7 50. Bd2 Kf8 51. Qf4 Qd5 52. Qf3 Qd4+ 53. Qe3 Qc4
54. Qf4 Qd5 55. Qf3 Qe5 56. Qxd3 Bxf5 57. Qe3 Be4 58. Bc3 Qd5 59. g3 Kf7 60. h4
Bf5 61. Qf3 Be4 62. Qe3 Bh1 63. Ke1 Qf5 64. Kd2 Be4 65. Ke1 Kg6 66. Qe2 Bf3 67.
Qe8+ Kh7 68. Qe3 Bh5 69. Kd2 Bg6 70. Ke1 Bf7 71. Kd2 Bc4 72. Bd4 Qb1 73. Bc3
Qa2+ 74. Ke1 Qc2 75. Qf3 Be2 76. Qxe2 Qxc3+ 77. Kf2 Qd4+ 78. Kf1 Qe5 79. Qf3 Kg8
80. Qc6 Kf7 81. Kg2 Kg6 82. Kh3 f5 83. Qc1 Qe4 84. Qg5+ Kf7 85. Kh2 Qe2+ 86. Kh3
Qe5 87. h5 Ke6 88. Qg6+ Kd5 89. Qf7+ Kd4 90. Qc7 Kd3 91. Qc6 Kd2 92. Qc7 Qd4 93.
Qf7 Qg4+ 94. Kh2 Kc3 95. Qe8 Qc4 96. Qe1+ Kb2 97. Qe7 Kb3 98. Qxd6 Qe2+ 99. Kg1
Qe1+ 100. Kh2 Qe2+ 101. Kg1 Qf3 102. Qe6+ Kxb4 103. Qe7+ Kb3 104. Qf7+ Kb4 105.
Qe7+ Kc4 106. Qc7+ Kd3 107. Qxg7 Qe3+ 108. Kg2 Qe4+ 109. Kg1 Qe1+ 110. Kg2 Qe2+
111. Kg1 Qxh5 112. Qd7+ Kc4 113. Qc6+ Kb4 114. Qd6+ Ka4 115. Qa6+ Kb4 116. Qd6+
Ka4 117. Qa6+ 1/2-1/2

[Event "Najdorf Mem Open A 2016"]
[Site "Warsaw POL"]
[Date "2016.07.14"]
[Round "7.4"]
[White "Kovalenko, Igor"]
[Black "Salem, A.R. Saleh"]
[Result "1/2-1/2"]
[WhiteTitle "GM"]
[BlackTitle "GM"]
[WhiteElo "2667"]
[BlackElo "2608"]
[WhiteFideId "14117908"]
[BlackFideId "9301348"]
[EventDate "2016.07.08"]

1. d4 Nf6 2. c4 g6 3. Nc3 d5 4. Bg5 Ne4 5. Bh4 Nxc3 6. bxc3 dxc4 7. e3 Be6 8.
Be2 Nd7 9. Nf3 Bg7 10. O-O Nb6 11. Qc2 O-O 12. Rfb1 Qd7 13. a4 a5 14. Nd2 Bd5
15. e4 Bc6 16. Nxc4 Nxc4 17. Bxc4 Qg4 18. Bxe7 Bxe4 19. f3 Bxc2 20. fxg4 Bxb1
21. Bxf8 Rxf8 22. Rxb1 b6 23. Rb5 Rd8 24. Kf2 Kf8 25. Ke2 Rd6 26. Kd3 h6 27. Rb1
Rf6 28. Bd5 Ke7 29. Re1+ Kd7 30. Kc4 c6 31. Bf3 Bf8 32. h4 Bd6 33. h5 gxh5 34.
gxh5 Rf4 35. Re3 Rf6 36. Be4 Rf2 37. g4 Bf4 38. Bf5+ Kd8 39. Re1 Bd2 40. Rd1 Kc7
41. Kd3 Bg5 42. Re1 b5 43. axb5 cxb5 44. Ra1 Kb6 45. Bd7 Rf3+ 46. Kc2 Rf2+ 47.
Kd3 Rf3+ 48. Kc2 b4 49. cxb4 axb4 50. Ra4 Rc3+ 51. Kb2 Bc1+ 52. Kb1 Ba3 53. Bf5
Rb3+ 54. Kc2 Rg3 55. Kd2 Kb5 56. Ra7 Kc4 57. Rxf7 b3 58. Rf6 Be7 59. Rb6 Kxd4
60. Ke2 Bg5 61. Kf2 Re3 62. Rc6 Bh4+ 63. Kg2 Re2+ 64. Kh3 Bg5 65. Kg3 b2 66. Rb6
Kc3 67. Kf3 Re1 68. Rc6+ Kd4 69. Rb6 Re3+ 70. Kg2 Re2+ 71. Kf3 Rh2 72. Kg3 Rd2
73. Kf3 Kc5 74. Rb7 Kd4 1/2-1/2

[Event "Najdorf Mem Open A 2016"]
[Site "Warsaw POL"]
[Date "2016.07.14"]
[Round "7.5"]
[White "Efimenko, Zahar"]
[Black "Krasenkow, Michal"]
[Result "1-0"]
[WhiteTitle "GM"]
[BlackTitle "GM"]
[WhiteElo "2655"]
[BlackElo "2614"]
[WhiteFideId "14107201"]
[BlackFideId "1113100"]
[EventDate "2016.07.08"]

1. Nf3 d5 2. g3 Bg4 3. Bg2 Nd7 4. c4 e6 5. cxd5 exd5 6. h3 Bxf3 7. Bxf3 Ngf6 8.
O-O c6 9. d3 Bc5 10. Nd2 O-O 11. Qc2 Qe7 12. e3 a5 13. Bg2 a4 14. Nf3 a3 15. Rb1
Ra7 16. Bd2 axb2 17. Rxb2 Ba3 18. Rbb1 Rfa8 19. Bc3 Bd6 20. a4 c5 21. Nd2 Be5
22. d4 cxd4 23. exd4 Bc7 24. Rfc1 Qd8 25. Nf1 Rxa4 26. Ne3 Nb6 27. Bb4 Bd6 28.
Bxd6 Qxd6 29. Rxb6 1-0

[Event "Najdorf Mem Open A 2016"]
[Site "Warsaw POL"]
[Date "2016.07.14"]
[Round "7.6"]
[White "Zhigalko, Sergei"]
[Black "Lalith, Babu M R"]
[Result "1/2-1/2"]
[WhiteTitle "GM"]
[BlackTitle "GM"]
[WhiteElo "2653"]
[BlackElo "2565"]
[WhiteFideId "13502956"]
[BlackFideId "5024595"]
[EventDate "2016.07.08"]

1. e4 e5 2. Nf3 Nc6 3. Bb5 a6 4. Ba4 Nf6 5. d3 b5 6. Bb3 Bc5 7. a4 Rb8 8. axb5
axb5 9. O-O d6 10. Be3 Bg4 11. h3 Bxf3 12. Qxf3 Nd4 13. Bxd4 Bxd4 14. c3 Bc5 15.
Rd1 Qe7 16. Nd2 O-O 17. Nf1 b4 18. Bc4 bxc3 19. bxc3 Rb2 20. Ne3 g6 21. d4 Bb6
22. Ra2 1/2-1/2

[Event "Najdorf Mem Open A 2016"]
[Site "Warsaw POL"]
[Date "2016.07.14"]
[Round "7.7"]
[White "Neiksans, Arturs"]
[Black "Khairullin, Ildar"]
[Result "1/2-1/2"]
[WhiteTitle "GM"]
[BlackTitle "GM"]
[WhiteElo "2614"]
[BlackElo "2629"]
[WhiteFideId "11601388"]
[BlackFideId "4151348"]
[EventDate "2016.07.08"]

1. Nf3 d5 2. g3 c6 3. Bg2 Bg4 4. h3 Bxf3 5. exf3 g6 6. f4 Bg7 7. d3 e6 8. Nd2
Nd7 9. Nf3 Ne7 10. c3 Nf5 11. O-O O-O 12. Re1 Qb6 13. Qc2 Rfe8 14. Ne5 Rad8 15.
Kh2 a5 16. a4 Qc7 1/2-1/2

[Event "Najdorf Mem Open A 2016"]
[Site "Warsaw POL"]
[Date "2016.07.14"]
[Round "7.8"]
[White "Gajewski, Grzegorz"]
[Black "Jones, Gawain C B"]
[Result "1-0"]
[WhiteTitle "GM"]
[BlackTitle "GM"]
[WhiteElo "2605"]
[BlackElo "2650"]
[WhiteFideId "1116207"]
[BlackFideId "409561"]
[EventDate "2016.07.08"]

1. d4 Nf6 2. Nf3 g6 3. c4 Bg7 4. Nc3 d6 5. e4 O-O 6. Be2 Nbd7 7. O-O e5 8. Be3
Qe7 9. Qc2 c6 10. d5 c5 11. g3 Ne8 12. Nh4 Ndf6 13. Bg5 h6 14. Bd2 Nh7 15. Rab1
Ng5 16. b4 b6 17. bxc5 bxc5 18. Rb3 Qd8 19. Kh1 f5 20. Nxg6 Rf7 21. f4 Nxe4 22.
Nxe4 fxe4 23. g4 exf4 24. Qxe4 Bd7 25. Bxf4 Rb8 26. h3 Rxb3 27. axb3 Nf6 28. Qe3
Qe8 29. Qxe8+ Nxe8 30. Bd3 Bd4 31. Kg2 h5 32. gxh5 Ng7 33. Bxd6 Rxf1 34. Bxf1
Bf5 35. Be2 Be4+ 36. Bf3 Bc2 37. b4 cxb4 38. Bxb4 Bb3 39. Ne7+ Kh7 40. Be4+ Kh6
41. Bd2+ Kxh5 42. Bf3+ Kh4 43. Ng6# 1-0

[Event "Najdorf Mem Open A 2016"]
[Site "Warsaw POL"]
[Date "2016.07.14"]
[Round "7.9"]
[White "Gupta, Abhijeet"]
[Black "Sadzikowski, Daniel"]
[Result "1-0"]
[WhiteTitle "GM"]
[BlackTitle "IM"]
[WhiteElo "2630"]
[BlackElo "2551"]
[WhiteFideId "5010608"]
[BlackFideId "1132253"]
[EventDate "2016.07.08"]

1. d4 Nf6 2. c4 e6 3. Nf3 d5 4. Nc3 Be7 5. g3 O-O 6. Bg2 Nbd7 7. O-O dxc4 8. e4
b5 9. Nxb5 Bb7 10. e5 Nd5 11. Nd2 a6 12. Nc3 Nxc3 13. bxc3 Bxg2 14. Kxg2 Nb6 15.
Ne4 Qd5 16. Qf3 Nd7 17. Bf4 Rab8 18. Rfe1 Rb2 19. h4 Rfb8 20. Bg5 Bf8 21. Re3
Rb1 22. Rxb1 Rxb1 23. Qf4 h6 24. Rf3 Kh8 25. Qxf7 Qxe4 26. Qxd7 hxg5 27. hxg5
Rg1+ 28. Kxg1 Qxf3 29. Qxe6 Kh7 30. Qxc4 c6 31. Qe6 Ba3 32. Qb3 Be7 33. Qb1+ Kg8
34. Qg6 Ba3 35. Qc2 Kf8 36. g6 Ke8 37. Qb3 Bf8 38. Qb7 1-0

[Event "Najdorf Mem Open A 2016"]
[Site "Warsaw POL"]
[Date "2016.07.14"]
[Round "7.10"]
[White "Perunovic, Milos"]
[Black "Rozentalis, Eduardas"]
[Result "1/2-1/2"]
[WhiteTitle "GM"]
[BlackTitle "GM"]
[WhiteElo "2627"]
[BlackElo "2552"]
[WhiteFideId "921629"]
[BlackFideId "12800023"]
[EventDate "2016.07.08"]

1. e4 e6 2. d4 d5 3. Nc3 dxe4 4. Nxe4 Bd7 5. Nf3 Bc6 6. Bd3 Nd7 7. Neg5 Ngf6 8.
Qe2 Qe7 9. O-O h6 10. Ne4 Bxe4 11. Bxe4 Nxe4 12. Qxe4 O-O-O 13. Re1 Nf6 14. Qd3
g5 15. a4 Bg7 16. a5 a6 17. b4 Qd7 18. Rb1 Ne8 19. b5 axb5 20. Rxb5 Qc6 21. Qb3
Rd5 22. c4 Rxb5 23. cxb5 Qd5 24. Qxd5 exd5 25. Ba3 Nf6 26. Re7 Bf8 27. Rxf7 Bxa3
28. Rxf6 Bb4 29. a6 Kb8 30. g4 Ka7 31. Kf1 Rf8 32. Rxf8 Bxf8 33. axb7 Kxb7 34.
h4 Be7 35. hxg5 hxg5 36. Ke2 1/2-1/2

[Event "Najdorf Mem Open A 2016"]
[Site "Warsaw POL"]
[Date "2016.07.14"]
[Round "7.11"]
[White "Fier, Alexandr"]
[Black "Warakomski, Tomasz"]
[Result "1-0"]
[WhiteTitle "GM"]
[BlackTitle "IM"]
[WhiteElo "2616"]
[BlackElo "2492"]
[WhiteFideId "2107139"]
[BlackFideId "1124552"]
[EventDate "2016.07.08"]

1. d4 Nf6 2. c4 e6 3. Nf3 d5 4. Nc3 Be7 5. Bf4 O-O 6. e3 Nbd7 7. c5 Nh5 8. Bd3
Nxf4 9. exf4 b6 10. b4 a5 11. a3 c6 12. O-O Qc7 13. g3 Ba6 14. Bxa6 Rxa6 15. Qe2
Rfa8 16. b5 cxb5 17. Nxd5 exd5 18. Qxe7 R6a7 19. Rab1 bxc5 20. Rxb5 cxd4 21.
Rxd5 Qb7 22. Qd6 Nf6 23. Qd8+ Ne8 24. Re1 Rxd8 25. Rxd8 g6 26. Rexe8+ Kg7 27.
Rg8+ Kf6 28. Nxd4 Qb1+ 29. Kg2 Rc7 30. Nf3 Rc2 31. g4 Qb2 32. g5+ Kf5 33. Kg3 1-0

[Event "Najdorf Mem Open A 2016"]
[Site "Warsaw POL"]
[Date "2016.07.14"]
[Round "7.12"]
[White "Indjic, Aleksandar"]
[Black "Oleksiyenko, Mykhaylo"]
[Result "1-0"]
[WhiteTitle "GM"]
[BlackTitle "GM"]
[WhiteElo "2547"]
[BlackElo "2615"]
[WhiteFideId "911925"]
[BlackFideId "4152417"]
[EventDate "2016.07.08"]

1. d4 Nf6 2. c4 g6 3. Nc3 Bg7 4. Nf3 O-O 5. e4 d6 6. Be2 e5 7. O-O Nc6 8. d5 Ne7
9. Ne1 Nd7 10. Be3 f5 11. f3 f4 12. Bf2 g5 13. c5 Nxc5 14. b4 Na6 15. Nd3 h5 16.
Rc1 Ng6 17. Nb5 Bd7 18. a4 Rf7 19. Rc3 Bf8 20. Qc1 Rg7 21. Bd1 g4 22. fxg4 hxg4
23. g3 f3 24. Be3 Rh7 25. Nxc7 Nxc7 26. Rxc7 Rc8 27. Rxc8 Bxc8 28. Rf2 Bd7 29.
b5 a6 30. b6 Qe8 31. Ra2 Nh8 32. Bb3 Qg6 33. Nf2 Qh5 34. Nd3 Be8 35. Qc8 Bg6 36.
Nc5 dxc5 37. d6+ Bf7 38. d7 Bxb3 39. d8=Q Rf7 40. Rf2 Ng6 41. Qg5 Qxg5 42. Bxg5
c4 43. Bh6 Kh7 44. Bxf8 Nxf8 45. Rd2 1-0

[Event "Najdorf Mem Open A 2016"]
[Site "Warsaw POL"]
[Date "2016.07.14"]
[Round "7.13"]
[White "Tabatabaei, M.amin"]
[Black "Jumabayev, Rinat"]
[Result "1/2-1/2"]
[WhiteTitle "IM"]
[BlackTitle "GM"]
[WhiteElo "2481"]
[BlackElo "2613"]
[WhiteFideId "12521213"]
[BlackFideId "13702661"]
[EventDate "2016.07.08"]

1. d4 Nf6 2. Nf3 g6 3. c4 Bg7 4. Nc3 d6 5. e4 O-O 6. Be2 Na6 7. Be3 e5 8. d5 Nc5
9. Nd2 a5 10. b3 Ne8 11. O-O f5 12. f3 f4 13. Bf2 g5 14. a3 h5 15. Kh1 Rf6 16.
b4 axb4 17. axb4 Rxa1 18. Qxa1 Na6 19. c5 Nxb4 20. Qa4 dxc5 21. Bb5 Nd6 22. Bxc5
Na6 23. Bxa6 bxa6 24. Rb1 Nb7 25. Bf2 Rg6 26. Qa2 Kh7 27. Na4 g4 28. Nc5 g3 29.
Nxb7 Qh4 30. Bg1 gxh2 31. Bxh2 Qf2 32. Rg1 Bxb7 33. Qb2 Bc8 34. Nc4 Qxb2 35.
Nxb2 h4 36. Rc1 h3 37. Rxc7 hxg2+ 38. Kg1 Bh3 39. Nc4 Kg8 40. d6 Kf8 41. Rc6 Re6
42. Rxa6 Re8 43. Nb6 Bf6 44. Kf2 Rd8 45. Nd5 Bh4+ 46. Ke2 Rc8 47. Nc7 Kf7 48.
Bg1 Bd7 49. Rb6 Kg6 50. Kd3 Be1 51. Rb2 Bh3 52. Kc4 Kg5 53. Kd5 Kh4 54. Rb1 Bc3
55. Bf2+ Kh5 56. Ne6 Ra8 57. d7 Bxe6+ 58. Kxe6 Ra6+ 59. Ke7 Ba5 60. Rg1 Bb4+ 61.
Kf7 Rd6 62. Ke8 Re6+ 63. Kd8 Ba5+ 64. Kc8 Rc6+ 65. Kb7 Rd6 66. Kc8 Rc6+ 67. Kb8
Rg6 68. Ra1 Bd8 69. Kb7 Rd6 70. Kc8 Bh4 71. Ba7 Rc6+ 72. Kb7 Rd6 73. Kc7 Rd2 74.
Ra5 Bf6 75. Ra6 Rc2+ 76. Kd6 Rc1 77. Ke6 Bd8 78. Kxe5 g1=Q 79. Bxg1 Rxg1 80.
Kxf4 Rd1 81. Ra7 Kg6 82. Ke5 Kf7 83. Kf5 Ke7 84. e5 Rc1 85. f4 Rc4 86. e6 Rc5+
87. Kg6 Kxe6 88. f5+ Kd6 89. f6 Ke6 90. Ra8 Kxd7 91. f7 Rg5+ 92. Kh6 Rf5 93. Kg7
Rg5+ 94. Kh6 Rf5 95. Kg7 Rg5+ 1/2-1/2

[Event "Najdorf Mem Open A 2016"]
[Site "Warsaw POL"]
[Date "2016.07.14"]
[Round "7.14"]
[White "Nasuta, Grzegorz"]
[Black "Tomczak, Jacek"]
[Result "1/2-1/2"]
[WhiteTitle "IM"]
[BlackTitle "GM"]
[WhiteElo "2417"]
[BlackElo "2583"]
[WhiteFideId "1141686"]
[BlackFideId "1124668"]
[EventDate "2016.07.08"]

1. e4 e6 2. d4 d5 3. Nc3 Nf6 4. Bg5 dxe4 5. Nxe4 Be7 6. Bxf6 gxf6 7. Qd2 a6 8.
g3 b5 9. Bg2 Bb7 10. Nxf6+ Bxf6 11. Bxb7 Ra7 12. Bg2 Qxd4 13. Qxd4 Bxd4 14. c3
Bf6 15. O-O-O c5 16. Nf3 Ke7 17. Nd2 Nd7 18. Ne4 Rb8 19. f4 Bh8 20. f5 c4 21.
fxe6 fxe6 22. Rd6 b4 23. Bh3 Nf8 24. Rc6 bxc3 25. bxc3 Rab7 26. Kd2 Rb2+ 27. Ke3
Rd8 28. Rxc4 Bg7 29. g4 Be5 30. Rb4 Rxa2 31. g5 Rd7 32. Rb6 Rc7 33. Kd3 Rd7+ 34.
Ke3 Bc7 35. Rc6 Bb8 36. Bf1 Rd1 37. Bc4 Rxh1 38. Bxa2 a5 39. Ra6 Bxh2 40. Rxa5
Nd7 41. Nf6 Nxf6 42. gxf6+ Kxf6 43. Ra6 1/2-1/2

[Event "Najdorf Mem Open A 2016"]
[Site "Warsaw POL"]
[Date "2016.07.14"]
[Round "7.15"]
[White "Dastan, Muhammed Batuhan"]
[Black "Donchenko, Alexander"]
[Result "1/2-1/2"]
[WhiteTitle "IM"]
[BlackTitle "GM"]
[WhiteElo "2480"]
[BlackElo "2583"]
[WhiteFideId "6300014"]
[BlackFideId "24603295"]
[EventDate "2016.07.08"]

1. e4 c5 2. Nf3 d6 3. d4 cxd4 4. Nxd4 Nf6 5. Nc3 a6 6. Be2 e6 7. O-O Be7 8. f4
O-O 9. Be3 Qc7 10. a4 Nc6 11. Kh1 Re8 12. Bf3 Na5 13. g4 Bf8 14. g5 Nd7 15. Bg2
b6 16. Qf3 Nc4 17. Bc1 g6 18. f5 Nde5 19. Qh3 Nc6 20. Nxc6 Qxc6 21. b3 Ne5 22.
Rf4 Bg7 23. Bb2 Qc5 24. Ba3 Qc7 25. Rd1 Rd8 26. Rd2 Rb8 27. Rdf2 b5 28. Bb2 Qc5
29. f6 Bf8 30. Re2 Bd7 31. axb5 axb5 32. Qe3 Rdc8 33. Qxc5 Rxc5 34. Na2 Rbc8 35.
Nb4 Nc6 36. Nxc6 R8xc6 37. Rf1 Rxc2 38. Rxc2 Rxc2 39. Ba3 Rc3 40. Rd1 Rxb3 41.
Bxd6 Bxd6 42. Rxd6 Rb1+ 43. Bf1 Rxf1+ 44. Kg2 Rc1 45. Rxd7 Rc8 46. Rb7 h6 47.
gxh6 Rf8 48. Kg3 Kh7 49. Kg4 Kxh6 50. Rxb5 Ra8 51. h4 e5 52. Rxe5 Ra6 53. h5
Rxf6 54. hxg6 Rxg6+ 1/2-1/2

[Event "Najdorf Mem Open A 2016"]
[Site "Warsaw POL"]
[Date "2016.07.14"]
[Round "7.16"]
[White "Macieja, Bartlomiej"]
[Black "Smirnov, Anton"]
[Result "1/2-1/2"]
[WhiteTitle "GM"]
[BlackTitle "IM"]
[WhiteElo "2557"]
[BlackElo "2478"]
[WhiteFideId "1104306"]
[BlackFideId "3208923"]
[EventDate "2016.07.08"]

1. c4 e5 2. Nc3 Nf6 3. Nf3 Nc6 4. g3 Bb4 5. Nd5 Bc5 6. Bg2 d6 7. O-O Nxd5 8.
cxd5 Nd4 9. Nxd4 Bxd4 10. e3 Bb6 11. b4 O-O 12. Bb2 Bd7 13. a4 a6 14. f4 f6 15.
f5 c5 16. Ba3 Rc8 17. Rb1 c4 18. a5 Ba7 19. Qc1 c3 20. dxc3 Rc4 21. Qd2 Qc8 22.
Bb2 Bxf5 23. Rbe1 Be4 24. Qe2 Bxg2 25. Kxg2 Re4 26. Qd3 f5 27. Re2 Rf7 28. Rc1
Rc7 29. Rf1 Rcc4 30. Rf3 g6 31. Qd1 Qd7 32. Re1 h5 33. Kh1 Kh7 34. Qd3 Rg4 35.
Rf2 Qg7 36. Bc1 Rce4 37. Bd2 h4 38. gxh4 Rxh4 39. Rg2 Qh6 40. b5 Reg4 41. Rf2
Rf4 42. Rg2 Rfg4 43. Rf2 Rf4 44. Rg2 Rfg4 1/2-1/2

[Event "Najdorf Mem Open A 2016"]
[Site "Warsaw POL"]
[Date "2016.07.14"]
[Round "7.17"]
[White "Nguyen, Piotr"]
[Black "Lysyj, Igor"]
[Result "0-1"]
[WhiteTitle "IM"]
[BlackTitle "GM"]
[WhiteElo "2430"]
[BlackElo "2663"]
[WhiteFideId "1127993"]
[BlackFideId "4150120"]
[EventDate "2016.07.08"]

1. c4 Nf6 2. Nf3 e6 3. g3 d5 4. Bg2 Be7 5. O-O O-O 6. b3 b6 7. Bb2 Bb7 8. e3 c5
9. Nc3 Qc8 10. Qe2 Rd8 11. Rfd1 d4 12. exd4 cxd4 13. Nb5 d3 14. Qf1 Nc6 15. Ne5
Nxe5 16. Bxe5 Ng4 17. Bf4 e5 18. Be3 e4 19. f3 Nxe3 20. dxe3 Qc5 21. fxe4 Bf6
22. Nd4 Bxd4 23. exd4 Rxd4 24. Qf2 Rad8 25. Rd2 Qe5 26. Qf5 Qe7 27. Re1 g6 28.
Qf1 Bxe4 29. Qf4 f5 30. Qf2 Qd6 31. Re3 Kg7 32. Re1 a6 33. a4 Qc5 34. Qe3 a5 35.
h4 Bxg2 36. Kxg2 Re4 37. Qxc5 bxc5 38. Red1 Re2+ 39. Kf3 Rxd2 40. Rxd2 Kf6 41.
Ke3 Ke5 42. Rxd3 Rxd3+ 43. Kxd3 f4 44. g4 h6 45. g5 hxg5 46. hxg5 Kf5 47. Kd2
Kxg5 48. b4 cxb4 0-1

[Event "Najdorf Mem Open A 2016"]
[Site "Warsaw POL"]
[Date "2016.07.14"]
[Round "7.18"]
[White "Ivanisevic, Ivan"]
[Black "Yilmazyerli, Mert"]
[Result "1-0"]
[WhiteTitle "GM"]
[BlackTitle "IM"]
[WhiteElo "2656"]
[BlackElo "2424"]
[WhiteFideId "912417"]
[BlackFideId "6305962"]
[EventDate "2016.07.08"]

1. d4 g6 2. e4 Bg7 3. Nc3 d6 4. f4 Nf6 5. Nf3 O-O 6. e5 dxe5 7. fxe5 Nd5 8. Bc4
Nxc3 9. bxc3 c5 10. O-O Bg4 11. Qd3 Bxf3 12. Qxf3 Nc6 13. Bxf7+ Kh8 14. Be3 Qc8
15. Qg3 cxd4 16. cxd4 Nb4 17. Bg5 Nxc2 18. Rad1 1-0

[Event "Najdorf Mem Open A 2016"]
[Site "Warsaw POL"]
[Date "2016.07.14"]
[Round "7.19"]
[White "Szczepkowska-Horowska, Karina"]
[Black "Dragun, Kamil"]
[Result "1/2-1/2"]
[WhiteTitle "WGM"]
[BlackTitle "GM"]
[WhiteElo "2411"]
[BlackElo "2623"]
[WhiteFideId "1122681"]
[BlackFideId "1134167"]
[EventDate "2016.07.08"]

1. d4 Nf6 2. c4 e6 3. Nf3 d5 4. Nc3 c5 5. cxd5 Nxd5 6. e4 Nxc3 7. bxc3 cxd4 8.
cxd4 Bb4+ 9. Bd2 Bxd2+ 10. Qxd2 O-O 11. Rc1 b6 12. Bd3 Bb7 13. O-O Nd7 14. Qf4
h6 15. Rc3 Rc8 16. Rxc8 Qxc8 17. Rc1 Qa8 18. h3 Rd8 19. Ne5 Nxe5 20. Qxe5 a6 21.
Rc3 b5 22. Bc2 Qb8 23. Qxb8 Rxb8 24. Kf1 Rc8 25. Rxc8+ Bxc8 26. Ke2 Kf8 27. Kd3
Ke7 28. f3 a5 29. a3 g5 30. Ke3 Bd7 31. f4 f6 32. g3 e5 33. fxg5 fxg5 34. h4 Kd6
35. hxg5 hxg5 36. Bb3 Bh3 37. Bf7 b4 38. axb4 axb4 39. Bb3 Bd7 40. Kd3 exd4 41.
Kxd4 Be6 42. e5+ Ke7 43. Bd1 Kd7 44. Ba4+ Kc7 45. Bd1 Kb6 46. Ba4 Ka5 47. Be8
Kb6 48. Ba4 Kc7 49. Bd1 Kd7 50. Ba4+ Ke7 51. Bd1 Kf7 52. Ba4 Ba2 53. Bd1 b3 54.
Kc3 Ke6 55. Bg4+ Kxe5 56. Kb2 1/2-1/2

[Event "Najdorf Mem Open A 2016"]
[Site "Warsaw POL"]
[Date "2016.07.14"]
[Round "7.20"]
[White "Bok, Benjamin"]
[Black "Yankelevich, Lev"]
[Result "1-0"]
[WhiteTitle "GM"]
[WhiteElo "2613"]
[BlackElo "2415"]
[WhiteFideId "1017063"]
[BlackFideId "24684074"]
[EventDate "2016.07.08"]

1. e4 c5 2. Nf3 e6 3. d4 cxd4 4. Nxd4 Nc6 5. Nc3 Qc7 6. Be2 a6 7. O-O Nf6 8. Be3
Be7 9. f4 d6 10. Qe1 O-O 11. Qg3 Nxd4 12. Bxd4 b5 13. a3 Bb7 14. Kh1 Rad8 15.
Rae1 Rd7 16. Bd3 Re8 17. a4 b4 18. Na2 Qa5 19. b3 d5 20. Bxf6 Bxf6 21. e5 Bd8
22. f5 exf5 23. Bxf5 Rde7 24. Qh3 g6 25. e6 f6 26. Bxg6 hxg6 27. Rxf6 Qc7 28.
Ref1 Rh7 29. Rxg6+ Kh8 30. Rh6 Bc8 31. Qh5 Rxe6 32. Rxh7+ 1-0

[Event "Najdorf Mem Open A 2016"]
[Site "Warsaw POL"]
[Date "2016.07.14"]
[Round "7.21"]
[White "Hracek, Zbynek"]
[Black "Menezes, Christoph"]
[Result "1-0"]
[WhiteTitle "GM"]
[BlackTitle "IM"]
[WhiteElo "2605"]
[BlackElo "2398"]
[WhiteFideId "300071"]
[BlackFideId "1617001"]
[EventDate "2016.07.08"]

1. d4 Nf6 2. c4 g6 3. g3 c6 4. Bg2 d5 5. Nf3 Bg7 6. O-O O-O 7. b3 Ne4 8. Nbd2
Bf5 9. Bb2 Nd7 10. Nh4 Nxd2 11. Qxd2 Be6 12. e4 dxe4 13. Bxe4 Bh3 14. Rfe1 Nf6
15. Bg2 Bxg2 16. Kxg2 Qc7 17. Nf3 Rad8 18. Qe3 Rfe8 19. Qe5 Qc8 20. Qa5 Qb8 21.
Rad1 e6 22. Bc1 b6 23. Qg5 h6 24. Qe5 Nd7 25. Qxb8 Rxb8 26. Ne5 Nxe5 27. dxe5
Red8 28. Kf3 Kf8 29. Ke4 Ke7 30. Be3 c5 31. a3 f5+ 32. exf6+ Bxf6 33. Bxh6 Rxd1
34. Rxd1 Rh8 35. Be3 Rxh2 36. b4 cxb4 37. axb4 Bc3 38. b5 Rh5 39. g4 Rh8 40. Rd3
Ba5 41. Bg5+ 1-0

[Event "Najdorf Mem Open A 2016"]
[Site "Warsaw POL"]
[Date "2016.07.14"]
[Round "7.22"]
[White "Mista, Aleksander"]
[Black "Lomasov, Semen"]
[Result "1-0"]
[WhiteTitle "GM"]
[BlackTitle "FM"]
[WhiteElo "2584"]
[BlackElo "2395"]
[WhiteFideId "1110381"]
[BlackFideId "24164879"]
[EventDate "2016.07.08"]

1. e4 e6 2. d4 d5 3. Nd2 Be7 4. Ngf3 Nf6 5. Bd3 c5 6. e5 Nfd7 7. c3 Nc6 8. O-O
a5 9. a4 cxd4 10. cxd4 Nb4 11. Bb5 O-O 12. Nb1 Nb8 13. Nc3 Bd7 14. Re1 N8c6 15.
Bf4 Na7 16. Re3 Nxb5 17. axb5 a4 18. Ne1 Qb6 19. Rh3 g6 20. Bh6 Rfc8 21. Qd2 f5
22. Bg7 Bf8 23. Bxf8 Rxf8 24. Nf3 Rf7 25. Qh6 Rg7 26. Ng5 Qxd4 27. Nxh7 Qxe5 28.
Ng5 Re7 29. Qxg6+ Qg7 30. Qh5 d4 31. Ne2 a3 32. Rhxa3 Rxa3 33. Rxa3 Be8 34. Ra8
Kf8 35. Nf4 Kg8 1-0

[Event "Najdorf Mem Open A 2016"]
[Site "Warsaw POL"]
[Date "2016.07.14"]
[Round "7.23"]
[White "Sengupta, Deep"]
[Black "Lewtak, Damian"]
[Result "1-0"]
[WhiteTitle "GM"]
[WhiteElo "2551"]
[BlackElo "2363"]
[WhiteFideId "5008352"]
[BlackFideId "1141724"]
[EventDate "2016.07.08"]

1. e4 e5 2. Nf3 Nc6 3. Bb5 a6 4. Ba4 Nf6 5. O-O Be7 6. Re1 b5 7. Bb3 d6 8. c3
O-O 9. h3 Nb8 10. d4 Nbd7 11. Nbd2 c5 12. Nf1 Re8 13. Ng5 c4 14. Bc2 Bf8 15. f4
exd4 16. cxd4 h6 17. Nf3 Bb7 18. Ng3 Qc7 19. Bd2 a5 20. Rc1 Qb6 21. Kh2 Rac8 22.
Bb1 Be7 23. Be3 Nf8 24. d5 Qa6 25. Nf5 N8d7 26. Nxe7+ Rxe7 27. Bf2 Rce8 28. Qd4
Nc5 29. Bh4 Ncxe4 30. Bxe4 Rxe4 31. Bxf6 Rxd4 32. Rxe8+ Kh7 33. Bxd4 Bxd5 34.
Nh4 Qc6 35. Rce1 Be6 36. Re7 Qd5 37. R1xe6 Qxd4 38. Rxf7 Qf2 39. Nf3 Qxb2 40.
Ree7 a4 41. Ne5 dxe5 42. Rxg7+ Kh8 43. Rh7+ Kg8 44. Reg7+ Kf8 45. Rb7 1-0